Nazwij postać z serialu "Kapitan Bomba" - Statystyki

Ogólne statystyki
  • Ten quiz został rozwiązany 176 razy
    152 od ostatniego zresetowania
  • Średni wynik to 10 z 11
Statystyki odpowiedzi
Obrazkowy Odpowiedź % Poprawnych
Kapitan Bomba
100%
Chorąży Torpeda
97%
Sułtan Kosmitów
94%
Sebek
93%
Domino Jachaś
91%
Janusz
90%
Admirał gwiezdnej floty
83%
Michał Głuś
83%
Diabeł
78%
Generał Lufa
77%
marik 1234
72%
Nie znaleziono quizów pasujących do podanych kryteriów
Rozkład punktacji
Procent ludzi z każdym wynikiem
Percentyl według liczby udzielonych odpowiedzi
Twoja historia wyników
Nie rozwiązałeś tego quizu od ostatniego zresetowania